| 000 | 00724nam a22002297a 4500 | ||
|---|---|---|---|
| 001 | 5835 | ||
| 003 | BD-RjUL | ||
| 005 | 20211208234134.0 | ||
| 008 | 140107s1966 un ||| |||| 001 0 eng d | ||
| 035 | _a(BD-RjUL)5874 | ||
| 040 |
_aBD-RjUL _cBD-RjUL _dBD-RjUL _beng |
||
| 041 | _aeng | ||
| 082 | 0 | 0 |
_223 _a320.8 _bROL 1966 |
| 100 | 1 |
_aRobson, W. A. _918330 |
|
| 245 | 1 | 0 |
_aLocal Government in Crisis / _cW. A. Robson |
| 260 |
_aLondon : _bGeorge Allen and Unwin Ltd, _c1966 |
||
| 300 |
_a160 p. ; _c21cm. |
||
| 504 | _aIncludes bibliographical references and index | ||
| 650 |
_aMunicipal government _zGreat Britain. _9220774 |
||
| 651 |
_aGreat Britain _xPolitics and government _y1945- _9220775 |
||
| 942 |
_2ddc _cBK |
||
| 999 |
_c5835 _d5835 |
||